Najlepsi strzelcy Realu Madryt . - Statystyki

Ogólne statystyki
  • Ten quiz został rozwiązany 439 razy
  • Średni wynik to 6 z 15
Statystyki odpowiedzi
Lata Ilość goli Kraj Piłkarz % Poprawnych
2009-2018 450 Portugalia Ronaldo
99%
2009-teraz 279 Francja Benzema
93%
1994-2010 324 Hiszpania Raul
82%
1954-1966 195 Węgry Puskas
78%
1953-1964 266 Argentyna Di Stefano
73%
1985-1992 193 Meksyk Sanchez
52%
2007-2013 121 Argentyna Higuain
41%
1983-1995 164 Hiszpania Butragueno
33%
1989-2003 126 Hiszpania Hierro
18%
1953-1971 159 Hiszpania Gento
15%
1971-1988 244 Hiszpania Santillana
7%
1984-1996 127 Hiszpania Michel
4%
1964-1980 148 Hiszpania Pirri
4%
1962-1976 140 Hiszpania Amancio
3%
1948-1953 111 Hiszpania Pahino
1%
Nie znaleziono quizów pasujących do podanych kryteriów
Rozkład punktacji
Procent ludzi z każdym wynikiem
Percentyl według liczby udzielonych odpowiedzi
Twoja historia wyników
Nie rozwiązałeś tego quizu